| 000 | 00733cam a2200205 4500 | ||
|---|---|---|---|
| 001 | WS125616 | ||
| 008 | 040326n 000 0 eng u | ||
| 035 | _a(Sirsi) u125616 | ||
| 245 | _aOyez Forms Link | ||
| 520 | _aWeb site for this service which allows user to order legal forms online and complete and print the most popular forms direct from the internet with Adobe Acrobat. | ||
| 650 | _aLEGAL FORMS | ||
| 650 | _aCONVEYANCING | ||
| 650 |
_aLANDLORD AND TENANT _96252 |
||
| 650 |
_aInsolvency _96247 |
||
| 650 | _aLIMITED LIABILITY PARTNERSHIPS | ||
| 650 | _aPARTNERSHIPS | ||
| 650 | _aRIGHT TO MANAGE | ||
| 856 | 4 | 0 |
_uhttps://www.oyezformslink.co.uk _zView the document free of charge at oyezformslink.co.uk |
| 942 | _n0 | ||
| 999 |
_c120416 _d120416 |
||